F1 2015 Line-ups - Statistiques

Statistiques générales
  • Ce quiz a été pris 30 fois
  • Le résultat moyen est 16 sur 20
Statistiques - réponses
Team Nationality Driver % Correct
Infinity Red Bull Racing Australia Daniel Ricciardo
100%
McLaren Honda Spain Fernando Alonso
100%
Mercedes AMG Petronas Formula One Team United Kingdom Lewis Hamilton
100%
Scuderia Ferrari Germany Sebastian Vettel
100%
Sahara Force India F1 Team Mexico Sergio Perez
100%
Finland Kimi RaÏkkönen
96%
Scuderia Toro Rosso Netherlands Max Verstappen
96%
Finland Valtteri Bottas
96%
Spain Carlos Sainz Jr.
92%
Germany Nico Rosberg
92%
Lotus F1 Team France Romain Grosjean
92%
Russia Daniil Kvyat
88%
Williams Martini Racing Brazil Felipe Massa
84%
United Kingdom Jenson Button
84%
Germany Nico Hülkenberg
80%
Venezuela Pastor Maldonado
68%
Sauber F1 Team Sweden Marcus Ericsson
52%
Brazil Felipe Nasr
28%
Spain Roberto Mehri
8%
Manor Marussia F1 Team United Kingdom Will Stevens
8%
Aucun quiz correspondant
Distribution des résultats
% des personnes avec chaque résultat
Percentile par nombre de réponses
Votre historique - résultats
Vous n’avez pas pris ce quiz